<?xml version="1.0" encoding="UTF-8"?>
<record
    xmlns:xsi="http://www.w3.org/2001/XMLSchema-instance"
    xsi:schemaLocation="http://www.loc.gov/MARC21/slim http://www.loc.gov/standards/marcxml/schema/MARC21slim.xsd"
    xmlns="http://www.loc.gov/MARC21/slim">

  <leader>00458nam a2200157   4500</leader>
  <controlfield tag="005">20260424224902.0</controlfield>
  <controlfield tag="008">-</controlfield>
  <datafield tag="040" ind1=" " ind2=" ">
    <subfield code="a">Biblioteca LadoV Teor&#xE9;tica</subfield>
    <subfield code="c">Biblioteca LadoV Teor&#xE9;tica</subfield>
  </datafield>
  <datafield tag="082" ind1="0" ind2="4">
    <subfield code="a">741.9</subfield>
    <subfield code="b">C198a</subfield>
  </datafield>
  <datafield tag="100" ind1="1" ind2=" ">
    <subfield code="a">Campos, Luis</subfield>
  </datafield>
  <datafield tag="245" ind1="1" ind2="0">
    <subfield code="a">ARES /</subfield>
    <subfield code="c">por Luis Campos</subfield>
  </datafield>
  <datafield tag="260" ind1=" " ind2="1">
    <subfield code="a">M&#xE9;xico : </subfield>
    <subfield code="b">Cooperativa Cr&#xE1;ter Invertido</subfield>
    <subfield code="c">2020</subfield>
  </datafield>
  <datafield tag="300" ind1=" " ind2=" ">
    <subfield code="a">50 p&#xE1;ginas : </subfield>
    <subfield code="b">dibujos a color ; </subfield>
    <subfield code="c">24 x 8.5 cm.</subfield>
  </datafield>
  <datafield tag="650" ind1=" " ind2="7">
    <subfield code="2">UNESCO</subfield>
    <subfield code="a">DIBUJO</subfield>
    <subfield code="9">703</subfield>
  </datafield>
  <datafield tag="942" ind1=" " ind2=" ">
    <subfield code="2">ddc</subfield>
    <subfield code="c">1</subfield>
    <subfield code="n">0</subfield>
  </datafield>
  <datafield tag="999" ind1=" " ind2=" ">
    <subfield code="c">4655</subfield>
    <subfield code="d">4655</subfield>
  </datafield>
  <datafield tag="952" ind1=" " ind2=" ">
    <subfield code="0">0</subfield>
    <subfield code="1">0</subfield>
    <subfield code="2">ddc</subfield>
    <subfield code="4">0</subfield>
    <subfield code="7">0</subfield>
    <subfield code="a">LV</subfield>
    <subfield code="b">LV</subfield>
    <subfield code="d">2026-04-24</subfield>
    <subfield code="l">0</subfield>
    <subfield code="o">741.9 C198a</subfield>
    <subfield code="p">00005057</subfield>
    <subfield code="r">2026-04-24 22:49:00</subfield>
    <subfield code="w">2026-04-24</subfield>
    <subfield code="y">1</subfield>
  </datafield>
</record>
